000 00766nam a2200241Ia 4500
003 OSt
005 20220925231239.0
006 a|||||r|||| 00| 0
007 ta
008 220923b |||||||| |||| 00| 0 eng d
037 _cGeneral Book
040 _aRTL
_cRTL
_beng
041 _2eng
_aeng
082 _aX:97D.213H.N7, L1
100 _aReindorp Julian
_9295072
245 0 _aLeaders and leadership in the trade unions in Bang
260 _aMadras
_bC L S Inida
_c1971
300 _avii,239p Appendix p 99-239
_ccm.
490 _aChristian Institute For The Study Of Religion And Society , Social Research Series.7
650 _aTrade Unions
942 _hX:97D.213H.N7, L1
_cGB
_2CC
999 _c587857
_d587857